[Event "Tarragona-ch Seniors"]
[Site "Cambrils"]
[Date "2020.02.06"]
[Round "3.8"]
[White "Figueras Perez, Robert"]
[Black "Tuduri Jerez, Manuel"]
[Result "0-1"]
[WhiteElo "1689"]
[BlackElo "1830"]
[PlyCount "116"]
[EventDate "2020.01.23"]
[EventType "swiss"]
[EventRounds "8"]
[EventCountry "ESP"]
[SourceTitle "EXT 2024"]
[Source "ChessBase"]
[SourceDate "2023.10.10"]
[SourceVersion "1"]
[SourceVersionDate "2023.10.10"]
[SourceQuality "1"]

1. e4 e6 2. d4 d5 3. Nc3 Nf6 4. Bg5 Be7 5. e5 Nfd7 6. Bxe7 Qxe7 7. Nf3 a6 8. Bd3 c5 9. 0-0 Nc6 10. dxc5 Nxc5 11. Qe2 Nxd3 12. cxd3 Bd7 13. d4 Rc8 14. Rfd1 0-0 15. h3 Rc7 16. Na4 Na7 17. Nc5 Bb5 18. Qe3 b6 19. Nd3 Rfc8 20. a4 Be8 21. a5 bxa5 22. Rxa5 Bb5 23. Nc5 Nc6 24. Raa1 a5 25. Ne1 Ra8 26. Nc2 Rca7 27. b3 Qc7 28. f4 Ne7 29. g4 g6 30. Ne1 a4 31. bxa4 Bxa4 32. Rdc1 Bc6 33. Rxa7 Qxa7 34. Nc2 Qb6 35. Qc3 Qa5 36. Qxa5 Rxa5 37. Nb4 Bb5 38. Rb1 Bc4 39. Nb7 Rb5 40. Nd6 Rb6 41. Rb2 Nc6 42. Nd3 Rxb2 43. Nxb2 Nxd4 44. Nbxc4 dxc4 45. Nxc4 Ne2+ 46. Kf2 Nxf4 47. Kg3 Nd5 48. Kf3 Kg7 49. g5 h5 50. h4 Kf8 51. Nd6 Ne7 52. Kg3 Nf5+ 53. Nxf5 gxf5 54. Kf4 Ke7 55. Ke3 Kd7 56. Kd4 Kc6 57. Kc4 Kb6 58. Kd4 Kb5 0-1

[Event "Tarragona Province-ch Seniors"]
[Site "Cambrils"]
[Date "2013.01.31"]
[Round "1"]
[White "Pino Munoz, Francisca"]
[Black "Tuduri Jerez, Manuel"]
[Result "1/2-1/2"]
[WhiteElo "1773"]
[BlackElo "1986"]
[PlyCount "146"]
[EventDate "2013.01.31"]
[EventType "swiss"]
[EventRounds "8"]
[EventCountry "ESP"]
[SourceTitle "EXT 2017"]
[Source "ChessBase"]
[SourceDate "2016.10.25"]
[SourceVersion "1"]
[SourceVersionDate "2016.10.25"]
[SourceQuality "1"]

1. e4 e6 2. d4 d5 3. e5 c5 4. c3 Nc6 5. Nf3 Qb6 6. Qb3 c4 7. Qd1 f5 8. Nbd2 Be7 9. h4 Bd7 10. Ng5 g6 11. Ndf3 h6 12. Nh3 0-0-0 13. Nf4 Re8 14. Nxg6 Rh7 15. h5 Qd8 16. Nxe7+ Rexe7 17. g3 Reg7 18. Be2 b5 19. b4 a5 20. a4 bxa4 21. b5 Na7 22. Qxa4 Nxb5 23. Qc2 Bc6 24. Ba3 Nxa3 25. Rxa3 Ra7 26. Qa2 Ra6 27. Nd2 Rha7 28. 0-0 Kd7 29. Rb1 Rb7 30. Rxb7+ Bxb7 31. Bd1 Ne7 32. Nf3 Bc6 33. Qd2 Qf8 34. Ra1 Ke8 35. Nh4 Kf7 36. Qf4 Qg7 37. Kh2 Qg5 38. Qxg5 hxg5 39. Nf3 g4 40. Ng5+ Kg7 41. Nxe6+ Kh6 42. Nf4 Be8 43. Kg2 Bxh5 44. Ba4 Bf7 45. Rb1 Ng6 46. Rh1+ Kg7 47. Nh5+ Kf8 48. Nf6 Ke7 49. Rb1 Ra7 50. Rb5 f4 51. gxf4 Nxf4+ 52. Kf1 Be6 53. Rb6 Nd3 54. Rb8 Kf7 55. Be8+ Ke7 56. Bg6 Bf7 57. Bxf7 Kxf7 58. Nxd5 a4 59. Rb1 a3 60. Ra1 a2 61. Ne3 Nc1 62. Rxc1 a1Q 63. Rxa1 Rxa1+ 64. Ke2 Ra2+ 65. Ke1 Ra3 66. Nxc4 Rxc3 67. Nd6+ Ke6 68. Kd2 Rf3 69. Ke2 Kd5 70. Nb5 Rb3 71. Nc7+ Kc6 72. Ne6 Kd5 73. Nc7+ Kc6 1/2-1/2